[Event "ODJM B 2025"]
[Site "Willingen GER"]
[Date "2025.06.08"]
[Round "2"]
[White "Hesse, Frederik"]
[Black "Tryk, Paul-Luca"]
[Result "0-1"]
[Termination "normal"]
[Board "59"]
[WhiteElo "1663"]
[BlackElo "1741"]
[WhiteClock "01:05:58"]
[BlackClock "00:30:16"]
[PlyCount "162"]
[WhiteFideId "34600094"]
[BlackFideId "34698515"]
[EventCountry "GER"]
[EventRounds "9"]
[EventType "swiss"]
[EventDate "2025.06.07"]

1. e4 {[%clk 01:30:56]} {[%emt 00:00:04]} e6 {[%clk 01:30:47]} {[%emt
00:00:13]} 2. d4 {[%clk 01:31:02]} {[%emt 00:00:24]} d5 {[%clk 01:31:11]}
{[%emt 00:00:06]} 3. e5 {[%clk 01:31:26]} {[%emt 00:00:06]} c5 {[%clk
01:31:36]} {[%emt 00:00:04]} 4. c3 {[%clk 01:31:40]} {[%emt 00:00:16]} Nc6
{[%clk 01:32:01]} {[%emt 00:00:05]} 5. Nf3 {[%clk 01:31:49]} {[%emt 00:00:21]}
Qb6 {[%clk 01:32:25]} {[%emt 00:00:06]} 6. Be2 {[%clk 01:31:00]} {[%emt
00:01:18]} Nh6 {[%clk 01:32:31]} {[%emt 00:00:24]} 7. Bxh6 {[%clk 01:28:03]}
{[%emt 00:03:27]} Qxb2 {[%clk 01:24:01]} {[%emt 00:09:01]} 8. Nbd2 {[%clk
01:25:18]} {[%emt 00:03:15]} gxh6 {[%clk 01:24:12]} {[%emt 00:00:19]} 9. Qc1
{[%clk 01:25:16]} {[%emt 00:00:33]} Qxc1+ {[%clk 01:23:38]} {[%emt 00:01:03]}
10. Rxc1 {[%clk 01:25:40]} {[%emt 00:00:06]} Bd7 {[%clk 01:21:36]} {[%emt
00:02:32]} 11. O-O {[%clk 01:25:56]} {[%emt 00:00:14]} cxd4 {[%clk 01:18:35]}
{[%emt 00:03:31]} 12. cxd4 {[%clk 01:26:13]} {[%emt 00:00:13]} Bg7 {[%clk
01:16:46]} {[%emt 00:02:19]} 13. Nb3 {[%clk 01:26:12]} {[%emt 00:00:31]} b6
{[%clk 01:16:05]} {[%emt 00:01:12]} 14. Bb5 {[%clk 01:25:56]} {[%emt 00:00:45]}
Nxe5 {[%clk 01:13:33]} {[%emt 00:03:01]} 15. Bxd7+ {[%clk 01:25:18]} {[%emt
00:01:09]} Nxd7 {[%clk 01:13:44]} {[%emt 00:00:20]} 16. Rc7 {[%clk 01:25:29]}
{[%emt 00:00:18]} Kd8 {[%clk 01:13:33]} {[%emt 00:00:41]} 17. Rfc1 {[%clk
01:25:30]} {[%emt 00:00:28]} a5 {[%clk 01:12:41]} {[%emt 00:01:23]} 18. a4
{[%clk 01:24:47]} {[%emt 00:01:14]} Ke7 {[%clk 01:03:01]} {[%emt 00:10:10]} 19.
R1c6 {[%clk 01:23:16]} {[%emt 00:02:00]} Rhb8 {[%clk 01:02:49]} {[%emt
00:00:43]} 20. g3 {[%clk 01:22:23]} {[%emt 00:01:22]} Ke8 {[%clk 01:01:04]}
{[%emt 00:02:15]} 21. Rd6 {[%clk 01:21:43]} {[%emt 00:01:09]} Rd8 {[%clk
00:58:21]} {[%emt 00:03:14]} 22. Kg2 {[%clk 01:18:07]} {[%emt 00:04:06]} Rac8
{[%clk 00:58:42]} {[%emt 00:00:09]} 23. Rdc6 {[%clk 01:17:37]} {[%emt
00:00:59]} Rxc7 {[%clk 00:58:07]} {[%emt 00:01:06]} 24. Rxc7 {[%clk 01:17:58]}
{[%emt 00:00:08]} Rb8 {[%clk 00:56:01]} {[%emt 00:02:37]} 25. Nfd2 {[%clk
01:14:33]} {[%emt 00:03:54]} Kd8 {[%clk 00:55:17]} {[%emt 00:01:15]} 26. Ra7
{[%clk 01:14:06]} {[%emt 00:00:56]} Rc8 {[%clk 00:50:32]} {[%emt 00:05:15]} 27.
Nb1 {[%clk 01:14:12]} {[%emt 00:00:25]} Rc4 {[%clk 00:49:44]} {[%emt 00:01:18]}
28. Ra8+ {[%clk 01:14:06]} {[%emt 00:00:35]} Ke7 {[%emt 00:00:13]} 29. N1d2
{[%clk 01:09:57]} {[%emt 00:04:37]} Rxa4 {[%clk 00:49:53]} {[%emt 00:00:40]}
30. Nf3 {[%clk 01:09:56]} {[%emt 00:00:31]} Rb4 {[%clk 00:49:56]} {[%emt
00:00:28]} 31. Nbd2 {[%clk 01:09:28]} {[%emt 00:00:57]} Bxd4 {[%clk 00:50:13]}
{[%emt 00:00:13]} 32. Nxd4 {[%clk 01:09:08]} {[%emt 00:00:51]} Rxd4 {[%clk
00:50:36]} {[%emt 00:00:07]} 33. Nf3 {[%clk 01:09:31]} {[%emt 00:00:07]} Rc4
{[%clk 00:50:44]} {[%emt 00:00:22]} 34. Ra7 {[%clk 01:09:45]} {[%emt 00:00:16]}
Kd6 {[%clk 00:50:43]} {[%emt 00:00:31]} 35. h3 {[%clk 01:09:25]} {[%emt
00:00:50]} a4 {[%clk 00:49:00]} {[%emt 00:02:13]} 36. g4 {[%clk 01:09:42]}
{[%emt 00:00:13]} f6 {[%clk 00:49:05]} {[%emt 00:00:24]} 37. Kg3 {[%clk
01:09:43]} {[%emt 00:00:30]} b5 {[%clk 00:47:32]} {[%emt 00:02:03]} 38. h4
{[%clk 01:09:27]} {[%emt 00:00:45]} Rc3 {[%clk 00:47:07]} {[%emt 00:00:56]} 39.
Kg2 {[%clk 01:09:26]} {[%emt 00:00:31]} Rc4 {[%clk 00:45:08]} {[%emt 00:02:29]}
40. Kg3 {[%clk 01:09:26]} {[%emt 00:00:30]} e5 {[%clk 00:42:42]} {[%emt
00:02:56]} 41. g5 {[%clk 01:08:53]} {[%emt 00:01:02]} hxg5 {[%clk 00:41:41]}
{[%emt 00:01:31]} 42. hxg5 {[%clk 01:09:07]} {[%emt 00:00:17]} fxg5 {[%clk
00:40:17]} {[%emt 00:01:54]} 43. Nxg5 {[%clk 01:09:25]} {[%emt 00:00:11]} h5
{[%clk 00:40:17]} {[%emt 00:00:30]} 44. Nf7+ {[%clk 01:08:02]} {[%emt
00:01:53]} Ke6 {[%clk 00:39:39]} {[%emt 00:01:09]} 45. Ng5+ {[%clk 01:07:56]}
{[%emt 00:00:36]} Ke7 {[%clk 00:39:56]} {[%emt 00:00:13]} 46. Nf3 {[%clk
01:07:42]} {[%emt 00:00:44]} Kd6 {[%clk 00:38:39]} {[%emt 00:01:48]} 47. Ra5
{[%clk 01:05:46]} {[%emt 00:02:25]} Rc3 {[%clk 00:36:35]} {[%emt 00:02:34]} 48.
Kg2 {[%clk 01:05:44]} {[%emt 00:00:31]} Rb3 {[%clk 00:36:38]} {[%emt 00:00:28]}
49. Ra6+ {[%clk 01:05:49]} {[%emt 00:00:25]} Ke7 {[%clk 00:35:56]} {[%emt
00:01:12]} 50. Ra7 {[%clk 01:05:44]} {[%emt 00:00:35]} Kd6 {[%clk 00:34:10]}
{[%emt 00:02:16]} 51. Ra6+ {[%clk 01:05:35]} {[%emt 00:00:39]} Kc5 {[%clk
00:31:35]} {[%emt 00:03:05]} 52. Ra7 {[%clk 01:05:33]} {[%emt 00:00:32]} Kc6
{[%emt 00:00:29]} 53. Ng5 {[%clk 01:04:43]} {[%emt 00:01:18]} a3 {[%clk
00:29:20]} {[%emt 00:02:48]} 54. Nf7 {[%clk 01:04:16]} {[%emt 00:00:57]} b4
{[%clk 00:27:09]} {[%emt 00:02:41]} 55. Nd8+ {[%clk 01:04:33]} {[%emt
00:00:13]} Kd6 {[%clk 00:27:05]} {[%emt 00:00:34]} 56. Nb7+ {[%clk 01:04:41]}
{[%emt 00:00:22]} Ke6 {[%clk 00:26:31]} {[%emt 00:01:04]} 57. Nd8+ {[%clk
01:03:54]} {[%emt 00:01:18]} Ke7 {[%clk 00:26:36]} {[%emt 00:00:24]} 58. Nc6+
{[%clk 01:03:00]} {[%emt 00:01:23]} Kd6 {[%clk 00:26:46]} {[%emt 00:00:21]} 59.
Ra6 {[%clk 01:03:10]} {[%emt 00:00:20]} Kc7 {[%clk 00:26:55]} {[%emt 00:00:21]}
60. Na5 {[%clk 01:02:58]} {[%emt 00:00:42]} Rc3 {[%clk 00:26:18]} {[%emt
00:01:07]} 61. Ra7+ {[%clk 01:01:34]} {[%emt 00:01:54]} Kb6 {[%clk 00:25:55]}
{[%emt 00:00:53]} 62. Rxd7 {[%clk 01:01:44]} {[%emt 00:00:19]} Kxa5 {[%clk
00:26:09]} {[%emt 00:00:17]} 63. Rxd5+ {[%clk 01:02:07]} {[%emt 00:00:08]} Kb6
{[%clk 00:26:26]} {[%emt 00:00:12]} 64. Rxe5 {[%clk 01:02:15]} {[%emt
00:00:22]} a2 {[%clk 00:26:44]} {[%emt 00:00:12]} 65. Re6+ {[%clk 01:02:00]}
{[%emt 00:00:45]} Rc6 {[%clk 00:26:49]} {[%emt 00:00:25]} 66. Re1 {[%clk
01:02:19]} {[%emt 00:00:11]} b3 {[%clk 00:27:07]} {[%emt 00:00:12]} 67. f4
{[%clk 01:02:34]} {[%emt 00:00:15]} Kc7 {[%clk 00:27:04]} {[%emt 00:00:33]} 68.
f5 {[%clk 01:02:54]} {[%emt 00:00:10]} Rf6 {[%clk 00:27:13]} {[%emt 00:00:20]}
69. Rc1+ {[%clk 01:02:59]} {[%emt 00:00:25]} Kb6 {[%clk 00:27:31]} {[%emt
00:00:13]} 70. Rc8 {[%clk 01:03:14]} {[%emt 00:00:15]} a1=Q {[%emt 00:00:45]}
71. Rb8+ {[%clk 01:03:33]} {[%emt 00:00:09]} Kc7 {[%clk 00:27:38]} {[%emt
00:00:10]} 72. Rxb3 {[%clk 01:03:38]} {[%emt 00:00:25]} Qa2+ {[%clk 00:28:00]}
{[%emt 00:00:08]} 73. Rb2 {[%clk 01:03:36]} {[%emt 00:00:32]} Qxb2+ {[%clk
00:28:25]} {[%emt 00:00:04]} 74. Kg3 {[%clk 01:04:00]} {[%emt 00:00:06]} Qe5+
{[%clk 00:28:32]} {[%emt 00:00:23]} 75. Kh3 {[%clk 01:03:47]} {[%emt 00:00:43]}
Qxf5+ {[%clk 00:28:53]} {[%emt 00:00:09]} 76. Kh2 {[%clk 01:04:06]} {[%emt
00:00:12]} Qg4 {[%clk 00:29:09]} {[%emt 00:00:13]} 77. Kh1 {[%clk 01:04:25]}
{[%emt 00:00:11]} Rf1+ {[%clk 00:29:31]} {[%emt 00:00:08]} 78. Kh2 {[%clk
01:04:50]} {[%emt 00:00:06]} Rh1+ {[%clk 00:29:30]} {[%emt 00:00:31]} 79. Kxh1
{[%clk 01:05:13]} {[%emt 00:00:07]} h4 {[%clk 00:29:52]} {[%emt 00:00:07]} 80.
Kh2 {[%clk 01:05:33]} {[%emt 00:00:10]} h3 {[%clk 00:30:16]} {[%emt 00:00:06]}
81. Kh1 {[%clk 01:05:58]} {[%emt 00:00:05]} Qg2# {[%emt 00:00:51]} 0-1

[Event "ODJM B 2025"]
[Site "Willingen GER"]
[Date "2025.06.08"]
[Round "2"]
[White "Berger, Johanna"]
[Black "Maraun, Lias"]
[Result "0-1"]
[Termination "normal"]
[Board "60"]
[WhiteElo "1591"]
[BlackElo "1763"]
[WhiteClock "00:15:45"]
[BlackClock "00:34:12"]
[PlyCount "76"]
[WhiteFideId "16207025"]
[BlackFideId "533017441"]
[EventCountry "GER"]
[EventRounds "9"]
[EventType "swiss"]
[EventDate "2025.06.07"]

1. f4 {[%clk 01:30:58]} {[%emt 00:00:02]} e5 {[%clk 01:30:54]} {[%emt
00:00:07]} 2. fxe5 {[%clk 01:31:26]} {[%emt 00:00:02]} d6 {[%clk 01:31:02]}
{[%emt 00:00:22]} 3. exd6 {[%clk 01:31:52]} {[%emt 00:00:03]} Nf6 {[%clk
01:31:23]} {[%emt 00:00:10]} 4. Nf3 {[%clk 01:31:58]} {[%emt 00:00:24]} Bxd6
{[%clk 01:31:43]} {[%emt 00:00:10]} 5. d4 {[%clk 01:32:06]} {[%emt 00:00:22]}
Bg4 {[%clk 01:30:49]} {[%emt 00:01:23]} 6. g3 {[%clk 01:30:22]} {[%emt
00:02:14]} c6 {[%clk 01:25:49]} {[%emt 00:05:31]} 7. Qd3 {[%clk 01:27:32]}
{[%emt 00:03:20]} O-O {[%clk 01:22:46]} {[%emt 00:03:33]} 8. Bg5 {[%clk
01:19:21]} {[%emt 00:08:41]} Nbd7 {[%clk 01:20:14]} {[%emt 00:03:01]} 9. Nbd2
{[%clk 01:19:24]} {[%emt 00:00:27]} h6 {[%clk 01:13:21]} {[%emt 00:07:24]} 10.
Bxf6 {[%clk 01:16:39]} {[%emt 00:03:14]} Nxf6 {[%clk 01:13:17]} {[%emt
00:00:34]} 11. e4 {[%clk 01:11:26]} {[%emt 00:05:44]} Re8 {[%clk 01:08:40]}
{[%emt 00:05:05]} 12. O-O-O {[%clk 01:05:01]} {[%emt 00:06:56]} Bb4 {[%clk
01:06:41]} {[%emt 00:02:30]} 13. c3 {[%clk 01:01:51]} {[%emt 00:03:40]} Ba5
{[%clk 01:04:25]} {[%emt 00:02:46]} 14. h3 {[%clk 01:00:24]} {[%emt 00:01:57]}
Be6 {[%clk 01:02:24]} {[%emt 00:02:31]} 15. b3 {[%clk 00:56:12]} {[%emt
00:04:41]} Qc7 {[%clk 01:00:16]} {[%emt 00:02:38]} 16. g4 {[%clk 00:50:21]}
{[%emt 00:06:22]} b5 {[%clk 00:54:28]} {[%emt 00:06:17]} 17. g5 {[%clk
00:47:12]} {[%emt 00:03:39]} hxg5 {[%clk 00:54:35]} {[%emt 00:00:23]} 18. e5
{[%clk 00:43:45]} {[%emt 00:03:57]} Nd5 {[%clk 00:52:16]} {[%emt 00:02:49]} 19.
Nxg5 {[%clk 00:36:16]} {[%emt 00:07:59]} Bxc3 {[%clk 00:40:52]} {[%emt
00:11:54]} 20. Qh7+ {[%clk 00:31:44]} {[%emt 00:05:02]} Kf8 {[%clk 00:41:14]}
{[%emt 00:00:08]} 21. Nxe6+ {[%clk 00:29:22]} {[%emt 00:02:51]} Rxe6 {[%clk
00:38:58]} {[%emt 00:02:46]} 22. Qh8+ {[%clk 00:28:52]} {[%emt 00:01:01]} Ke7
{[%clk 00:37:52]} {[%emt 00:01:37]} 23. Qxa8 {[%clk 00:28:58]} {[%emt
00:00:24]} Qa5 {[%clk 00:38:08]} {[%emt 00:00:14]} 24. Qb7+ {[%clk 00:26:26]}
{[%emt 00:03:01]} Kf8 {[%clk 00:38:16]} {[%emt 00:00:22]} 25. a4 {[%clk
00:22:36]} {[%emt 00:04:21]} Qb4 {[%clk 00:37:10]} {[%emt 00:01:35]} 26. Qc8+
{[%clk 00:13:45]} {[%emt 00:09:21]} Re8 {[%clk 00:31:49]} {[%emt 00:05:51]} 27.
Qxc6 {[%clk 00:14:09]} {[%emt 00:00:06]} Qa3+ {[%clk 00:32:01]} {[%emt
00:00:18]} 28. Kc2 {[%clk 00:14:26]} {[%emt 00:00:13]} Qb2+ {[%clk 00:32:17]}
{[%emt 00:00:15]} 29. Kd3 {[%clk 00:14:48]} {[%emt 00:00:07]} Nb4+ {[%clk
00:32:41]} {[%emt 00:00:06]} 30. Ke3 {[%clk 00:14:18]} {[%emt 00:01:00]} Bxd4+
{[%clk 00:33:02]} {[%emt 00:00:09]} 31. Kf3 {[%clk 00:14:04]} {[%emt 00:00:44]}
Nxc6 {[%clk 00:33:23]} {[%emt 00:00:10]} 32. axb5 {[%clk 00:14:25]} {[%emt
00:00:09]} Nxe5+ {[%clk 00:33:42]} {[%emt 00:00:10]} 33. Kf4 {[%clk 00:14:44]}
{[%emt 00:00:11]} Be3+ {[%clk 00:32:26]} {[%emt 00:01:46]} 34. Kxe3 {[%clk
00:14:39]} {[%emt 00:00:34]} Nc4+ {[%clk 00:32:51]} {[%emt 00:00:05]} 35. Kf4
{[%clk 00:15:02]} {[%emt 00:00:07]} Nxd2 {[%clk 00:33:03]} {[%emt 00:00:19]}
36. Rxd2 {[%clk 00:15:05]} {[%emt 00:00:27]} Qxd2+ {[%clk 00:33:26]} {[%emt
00:00:07]} 37. Kf3 {[%clk 00:15:26]} {[%emt 00:00:10]} Qd5+ {[%clk 00:33:51]}
{[%emt 00:00:05]} 38. Kf2 {[%clk 00:15:45]} {[%emt 00:00:11]} Qxh1 {[%clk
00:34:12]} {[%emt 00:00:08]} 0-1

[Event "ODJM B 2025"]
[Site "Willingen GER"]
[Date "2025.06.08"]
[Round "2"]
[White "Hofmann, Diego"]
[Black "Huth, Fabienne"]
[Result "1-0"]
[Termination "normal"]
[Board "61"]
[WhiteElo "1796"]
[BlackElo "1402"]
[WhiteClock "00:35:28"]
[BlackClock "00:57:06"]
[PlyCount "107"]
[WhiteFideId "16269020"]
[BlackFideId "34660739"]
[EventCountry "GER"]
[EventRounds "9"]
[EventType "swiss"]
[EventDate "2025.06.07"]

1. e4 {[%clk 01:30:58]} {[%emt 00:00:02]} e6 {[%clk 01:30:54]} {[%emt
00:00:06]} 2. g3 {[%clk 01:31:21]} {[%emt 00:00:07]} d5 {[%clk 01:31:06]}
{[%emt 00:00:18]} 3. e5 {[%clk 01:31:48]} {[%emt 00:00:03]} c5 {[%clk
01:30:58]} {[%emt 00:00:38]} 4. c3 {[%clk 01:32:14]} {[%emt 00:00:05]} Nc6
{[%clk 01:31:05]} {[%emt 00:00:22]} 5. d4 {[%clk 01:32:34]} {[%emt 00:00:10]}
Qb6 {[%clk 01:31:10]} {[%emt 00:00:25]} 6. Nf3 {[%clk 01:31:04]} {[%emt
00:02:00]} Nh6 {[%clk 01:30:46]} {[%emt 00:00:53]} 7. Bg2 {[%clk 01:29:00]}
{[%emt 00:02:34]} cxd4 {[%clk 01:29:53]} {[%emt 00:01:24]} 8. cxd4 {[%clk
01:18:01]} {[%emt 00:11:29]} Nf5 {[%clk 01:28:37]} {[%emt 00:01:46]} 9. O-O
{[%clk 01:07:25]} {[%emt 00:11:06]} Nfxd4 {[%clk 01:26:50]} {[%emt 00:02:17]}
10. Nxd4 {[%clk 01:04:41]} {[%emt 00:03:14]} Nxd4 {[%clk 01:27:03]} {[%emt
00:00:17]} 11. Be3 {[%clk 01:03:10]} {[%emt 00:02:01]} Bc5 {[%clk 01:26:20]}
{[%emt 00:01:14]} 12. Nc3 {[%clk 01:02:37]} {[%emt 00:01:03]} Bd7 {[%clk
01:23:17]} {[%emt 00:03:33]} 13. Na4 {[%clk 00:48:17]} {[%emt 00:14:50]} Bxa4
{[%clk 01:22:06]} {[%emt 00:01:41]} 14. Qxa4+ {[%clk 00:48:28]} {[%emt
00:00:19]} Nc6 {[%clk 01:20:39]} {[%emt 00:01:57]} 15. Bxc5 {[%clk 00:44:04]}
{[%emt 00:04:54]} Qxc5 {[%clk 01:20:00]} {[%emt 00:01:08]} 16. Rac1 {[%clk
00:41:15]} {[%emt 00:03:18]} Qb4 {[%clk 01:16:14]} {[%emt 00:04:17]} 17. Qxb4
{[%clk 00:40:40]} {[%emt 00:01:04]} Nxb4 {[%clk 01:16:35]} {[%emt 00:00:09]}
18. Rc7 {[%clk 00:38:10]} {[%emt 00:03:00]} Rb8 {[%clk 01:14:10]} {[%emt
00:02:55]} 19. f4 {[%clk 00:36:38]} {[%emt 00:02:03]} Nc6 {[%clk 01:12:48]}
{[%emt 00:01:52]} 20. f5 {[%clk 00:36:36]} {[%emt 00:00:31]} O-O {[%clk
01:10:52]} {[%emt 00:02:26]} 21. fxe6 {[%clk 00:36:43]} {[%emt 00:00:23]} fxe6
{[%clk 01:10:40]} {[%emt 00:00:42]} 22. Bh3 {[%clk 00:36:23]} {[%emt 00:00:51]}
Rxf1+ {[%clk 01:09:15]} {[%emt 00:01:55]} 23. Kxf1 {[%clk 00:36:47]} {[%emt
00:00:06]} Kf8 {[%clk 01:01:58]} {[%emt 00:07:47]} 24. Bxe6 {[%clk 00:36:12]}
{[%emt 00:01:05]} d4 {[%clk 01:00:30]} {[%emt 00:01:58]} 25. Rf7+ {[%clk
00:35:02]} {[%emt 00:01:39]} Ke8 {[%clk 01:00:00]} {[%emt 00:01:01]} 26. Rxg7
{[%clk 00:35:06]} {[%emt 00:00:26]} Nxe5 {[%clk 00:59:14]} {[%emt 00:01:15]}
27. Rg8+ {[%clk 00:35:14]} {[%emt 00:00:22]} Ke7 {[%clk 00:59:05]} {[%emt
00:00:40]} 28. Rxb8 {[%clk 00:35:38]} {[%emt 00:00:06]} Kxe6 {[%clk 00:59:24]}
{[%emt 00:00:10]} 29. Rxb7 {[%clk 00:34:49]} {[%emt 00:01:19]} d3 {[%clk
00:57:48]} {[%emt 00:02:07]} 30. Ke1 {[%clk 00:34:35]} {[%emt 00:00:44]} Nf3+
{[%clk 00:57:21]} {[%emt 00:00:56]} 31. Kd1 {[%clk 00:34:53]} {[%emt 00:00:12]}
Nxh2 {[%clk 00:55:49]} {[%emt 00:02:01]} 32. Rxh7 {[%clk 00:34:58]} {[%emt
00:00:25]} Nf1 {[%clk 00:55:32]} {[%emt 00:00:47]} 33. Rxa7 {[%clk 00:34:30]}
{[%emt 00:00:59]} Ke5 {[%clk 00:55:44]} {[%emt 00:00:18]} 34. a4 {[%clk
00:33:31]} {[%emt 00:01:30]} Ke4 {[%clk 00:54:41]} {[%emt 00:01:33]} 35. Re7+
{[%clk 00:33:30]} {[%emt 00:00:30]} Kd4 {[%clk 00:54:38]} {[%emt 00:00:33]} 36.
a5 {[%clk 00:33:34]} {[%emt 00:00:26]} d2 {[%clk 00:54:16]} {[%emt 00:00:51]}
37. a6 {[%clk 00:30:19]} {[%emt 00:03:47]} Kd3 {[%clk 00:53:22]} {[%emt
00:01:24]} 38. a7 {[%clk 00:29:54]} {[%emt 00:00:55]} Nxg3 {[%clk 00:52:17]}
{[%emt 00:01:34]} 39. Rd7+ {[%clk 00:30:15]} {[%emt 00:00:10]} Ke3 {[%clk
00:52:33]} {[%emt 00:00:13]} 40. Rxd2 {[%clk 00:30:37]} {[%emt 00:00:10]} Ne4
{[%clk 00:52:55]} {[%emt 00:00:08]} 41. Re2+ {[%clk 00:30:59]} {[%emt
00:00:08]} Kd4 {[%clk 00:53:16]} {[%emt 00:00:08]} 42. Rxe4+ {[%clk 00:31:25]}
{[%emt 00:00:04]} Kxe4 {[%clk 00:53:40]} {[%emt 00:00:07]} 43. a8=Q+ {[%clk
00:31:45]} {[%emt 00:00:11]} Kd4 {[%clk 00:54:06]} {[%emt 00:00:03]} 44. Qc6
{[%clk 00:32:02]} {[%emt 00:00:12]} Ke5 {[%clk 00:53:58]} {[%emt 00:00:38]} 45.
b4 {[%clk 00:32:25]} {[%emt 00:00:07]} Kf4 {[%clk 00:54:16]} {[%emt 00:00:11]}
46. b5 {[%clk 00:32:48]} {[%emt 00:00:09]} Ke5 {[%clk 00:54:40]} {[%emt
00:00:06]} 47. b6 {[%clk 00:33:14]} {[%emt 00:00:05]} Kd4 {[%clk 00:55:06]}
{[%emt 00:00:03]} 48. b7 {[%clk 00:33:37]} {[%emt 00:00:07]} Ke5 {[%clk
00:55:30]} {[%emt 00:00:06]} 49. b8=Q+ {[%clk 00:34:01]} {[%emt 00:00:07]} Kd4
{[%clk 00:55:50]} {[%emt 00:00:10]} 50. Qd7+ {[%clk 00:34:20]} {[%emt
00:00:11]} Ke4 {[%clk 00:56:06]} {[%emt 00:00:13]} 51. Qbe8+ {[%clk 00:34:45]}
{[%emt 00:00:06]} Kf4 {[%clk 00:56:27]} {[%emt 00:00:08]} 52. Qdf7+ {[%clk
00:35:14]} {[%emt 00:00:03]} Kg4 {[%clk 00:56:45]} {[%emt 00:00:12]} 53. Qeg8+
{[%clk 00:35:40]} {[%emt 00:00:04]} Kh3 {[%clk 00:57:06]} {[%emt 00:00:09]} 54.
Qfh7# {[%clk 00:35:28]} {[%emt 00:00:05]} 1-0